| 000 | 00466nam a2200193Ia 4500 | ||
|---|---|---|---|
| 003 | OSt | ||
| 005 | 20260105113630.0 | ||
| 008 | 210210b1953 xxu||||| |||| 00| 0 eng d | ||
| 040 | _cAL | ||
| 041 | _aeng | ||
| 082 | _a813.52 FITG | ||
| 100 |
_aF Scott Fitzgerald _9250106 |
||
| 245 | _aGreat gatsby | ||
| 260 |
_aNew Delhi _bEurasia Publishing House _c1953 |
||
| 300 | _a182p | ||
| 690 |
_aAmerican English Fiction _9250107 |
||
| 906 | _a031521 | ||
| 942 |
_2ddc _cBK |
||
| 999 |
_c82711 _d82711 |
||